Propuesta metodológica de aterrizamiento en instalaciones comerciales e industriales
Guardado en:
| Hovedforfatter: | |
|---|---|
| Andre forfattere: | |
| Format: | Bog |
| Sprog: | Spanish |
| Udgivet: |
[San José], Costa Rica
2013
|
| Fag: | |
| Tags: |
Tilføj Tag
Ingen Tags, Vær først til at tagge denne postø!
|
MARC
| LEADER | 00000nam a22000007a 4500 | ||
|---|---|---|---|
| 003 | 011806 | ||
| 005 | 20230824151815.0 | ||
| 008 | 150421b2013 cr a|||| |||| 00| ||spa d | ||
| 040 | |c cru CEDI | ||
| 090 | |a TFG 6975 | ||
| 100 | |9 1202 |a Rodríguez Araya, Michael Eduardo, 1989- | ||
| 245 | |a Propuesta metodológica de aterrizamiento en instalaciones comerciales e industriales | ||
| 260 | |a [San José], Costa Rica |c 2013 | ||
| 300 | |a 70 páginas : ilustraciones | ||
| 500 | |a Proyecto de graduación (bachillerato en ingeniería eléctrica)-- Universidad de Costa Rica. Facultad de Ingeniería. Escuela de Ingeniería Eléctrica | ||
| 501 | |a Profesor Guía de IE-0499 Proyecto Eléctrico: Lic. Tony Eduardo Delgado Carvajal | ||
| 650 | |x ENERGIA ELECTRICA - CONTROL DE CALIDAD |x DISTRIBUCION DE ENERGIA ELECTRICA - PROTECCION |x SISTEMAS DE ENERGIA ELECTRICA |x ESTABILIDAD DE SISTEMAS DE ENERGIA ELECTRICA |x ELECTRODOS |9 757 | ||
| 700 | |9 723 |a Delgado Carvajal, Tony Eduardo, 1986- |d Director de Proyecto Eléctrico | ||
| 942 | |c CEDI | ||
| 999 | |c 13834 |d 13834 | ||
